[Event "Floripa Chess Open 2024"]
[Site "Florianopolis"]
[Date "2024.01.22"]
[Round "4.172"]
[White "Monteiro, Helen Ramazzotte"]
[Black "De Lima, Ismael Do Prado Nog"]
[Result "1-0"]
[WhiteElo "1533"]
[BlackElo "1043"]
[PlyCount "97"]
[EventDate "2024.01.20"]
[EventRounds "10"]
[EventCountry "BRA"]

1. c4 e5 2. Nc3 Nc6 3. Nf3 Nf6 4. g3 d6 5. Bg2 Be6 6. d3 Be7 7. O-O O-O 8. a3
d5 ({RR} 8... Qd7 9. Bg5 Nd4 10. Nd2 Bh3 11. e3 Bxg2 12. Kxg2 Ne6 13. Bxf6 Bxf6
14. Nde4 Bd8 15. f4 f5 16. Nf2 c6 17. Qf3 Bb6 18. Kh1 Rae8 19. Rae1 Rf7 20.
Nfd1 a6 21. Qg2 Ba7 22. b4 exf4 23. gxf4 {Kortschnoj,V (2615)-Adams,M (2660)
Moscow 1994 1/2-1/2 (39)}) ({RR} 8... Qd7 9. Ng5 Bf5 10. Nge4 Bh3 11. Nxf6+
Bxf6 12. Nd5 Bd8 13. b4 Bxg2 14. Kxg2 a6 15. e3 b5 16. Qf3 f6 17. Bb2 Ne7 18.
Nxf6+ Rxf6 19. Qxa8 Qc8 20. Qxc8 Nxc8 21. f4 Re6 22. fxe5 dxe5 23. cxb5 {
Macho,M (1735)-Pavluchenkova,K (1164) Marianske Lazne 2017 1-0 (54)}) 9. Ng5
dxc4 10. Nxe6 fxe6 11. Bxc6 $146 ({RR} 11. dxc4 Qd4 12. Qxd4 exd4 13. Nb5 Ne8
14. Bxc6 bxc6 15. Nxd4 c5 16. Nxe6 Rf6 17. Nf4 Nd6 18. Nd5 Rf7 19. Nxc7 Rc8 20.
Nb5 Nxc4 21. Nxa7 Rc7 22. Nb5 Rb7 23. Nc3 Nxb2 24. Rb1 Bf6 25. Bxb2 Rxb2 {
Dresig,M (1529)-Roth,N (1149) Sebnitz 2012 1-0 (57)}) 11... bxc6 12. dxc4 Qd4
13. Qa4 Qd7 14. Rd1 Qe8 15. h3 Kh8 16. Be3 c5 17. Qxe8 Rfxe8 18. Rab1 Red8 19.
Rxd8+ Rxd8 20. Nb5 Rd7 21. Nxa7 Bd6 22. Nb5 c6 23. Nxd6 Rxd6 24. Bxc5 Rd2 25.
Kf1 Ne4 26. Be3 Rc2 27. b3 Nc3 28. Rc1 Rxc1+ 29. Bxc1 Ne4 30. a4 Nc5 31. a5 Na6
32. e4 c5 33. Ke2 Kg8 34. Bb2 g6 35. Bxe5 Kf7 36. Kd2 Ke7 37. Kc3 Kd7 38. Bg7
Kc6 39. Bf8 Nb8 40. b4 cxb4+ 41. Kxb4 Nd7 42. Bh6 Nc5 43. Be3 Nxe4 44. a6 h6
45. c5 h5 46. Kc4 Nf6 47. Kd4 Nd7 48. Ke4 Nb8 49. a7 1-0

[Event "Floripa Chess Open 2024"]
[Site "Florianopolis"]
[Date "2024.01.22"]
[Round "4.173"]
[White "Cunha, Paola De Oliveira"]
[Black "Mariani, Kim Paul"]
[Result "1-0"]
[WhiteElo "1151"]
[BlackElo "1530"]
[PlyCount "56"]
[EventDate "2024.01.20"]
[EventRounds "10"]
[EventCountry "BRA"]

1. d4 d5 2. Bf4 c5 3. e3 Nc6 4. Nf3 Nf6 5. h3 e6 6. c3 cxd4 ({RR} 6... Qb6 7.
Qb3 Be7 8. Nbd2 Bd7 9. Be2 O-O 10. O-O Rfc8 11. Ne5 Nxe5 12. Bxe5 Qxb3 13. axb3
a5 14. c4 cxd4 15. Bxd4 Bc6 16. Bc3 b6 17. Bd3 Ne4 18. Nxe4 dxe4 19. Be2 f6 20.
Bd4 Rab8 21. Bc3 {Bighiu,G (2112)-Korneev,O (2559) Assisi 2003 0-1 (56)}) 7.
cxd4 ({RR} 7. exd4 Bd6 8. Bxd6 Qxd6 9. Bd3 Ne4 10. O-O O-O 11. Nbd2 f5 12. Re1
Bd7 13. Qe2 Be8 14. Bb5 Bh5 15. Qd3 Qf4 16. Qe3 Qd6 17. Bxc6 bxc6 18. Ne5 Rae8
19. f3 f4 20. Nxe4 Qxe5 21. dxe5 fxe3 {Tuerschmann,S (1974)-Giacchino,C (1594)
Arco ITA 2019 1-0 (46)}) 7... Bb4+ 8. Nbd2 O-O 9. Be2 $146 ({RR} 9. a3 Bd6 10.
Bxd6 Qxd6 11. Bd3 e5 12. dxe5 Nxe5 13. Nxe5 Qxe5 14. b4 b6 15. Nf3 Qc3+ 16. Ke2
Re8 17. Qc2 Qxc2+ 18. Bxc2 Bb7 19. Nd4 Rac8 20. Rhc1 Ne4 21. Bxe4 dxe4 22. Nf5
Rc6 23. Rxc6 Bxc6 {Kukolic,I-Turk,T Varazdin 2008 0-1 (96)}) ({RR} 9. a3 Ba5
10. b4 Bc7 11. Bxc7 Qxc7 12. Rc1 Qe7 13. Be2 Bd7 14. O-O Rac8 15. Qb3 Rfe8 16.
Rc3 e5 17. dxe5 Nxe5 18. Rfc1 Ne4 19. Rxc8 Bxc8 20. Qxd5 Nxd2 21. Nxe5 Rd8 22.
Qc5 Qe6 23. Bc4 Nxc4 {Pacheco Jimenez,J (1891)-Gonzalez Cominelli,A (1789)
Mataro 2014 1/2-1/2 (38)}) 9... b6 10. O-O Bb7 11. Rc1 a6 12. a3 Bd6 13. Bxd6
Qxd6 14. Nb3 Rac8 15. Bd3 Rfd8 16. Re1 e5 17. Nxe5 Nxe5 18. dxe5 Qxe5 19. Nd4
Rxc1 20. Qxc1 Ne4 21. Bxe4 Qxe4 22. Qc7 Re8 23. Qxb7 h6 24. Qxb6 Re5 25. Nf3
Re6 26. Qd4 Qf5 27. Qc3 Qh5 28. Qd3 Rg6 1-0

[Event "Floripa Chess Open 2024"]
[Site "Florianopolis"]
[Date "2024.01.22"]
[Round "4.174"]
[White "Arnosti, Marcelo Gusmao"]
[Black "Fonseca, Guilherme"]
[Result "1/2-1/2"]
[WhiteElo "1525"]
[BlackElo "1820"]
[PlyCount "89"]
[EventDate "2024.01.20"]
[EventRounds "10"]
[EventCountry "BRA"]

1. d4 Nf6 2. Nf3 g6 3. Bf4 Bg7 4. h3 O-O 5. e3 c5 6. c3 b6 7. Be2 Bb7 8. O-O d5
9. Nbd2 Nc6 10. Ne5 Nd7 11. Nxd7 Qxd7 12. Nf3 f6 13. Bb5 a6 14. Bxc6 $146 ({RR
} 14. Ba4 Kh8 15. dxc5 e5 16. Bh2 bxc5 17. Rc1 e4 18. Nd2 Qe7 19. Nb3 Rad8 20.
Qe2 Ne5 21. Na5 Nd3 22. Rcd1 f5 23. Bc6 Ba8 24. Rd2 Rf6 25. Bxa8 Rxa8 26. Nb3
Rb6 27. Nc1 c4 28. Nxd3 cxd3 {Modrova,H-Makropoulou,M (2325) Dortmund 1988 0-1
(45)}) 14... Qxc6 15. Ne1 e5 16. Bg3 Rae8 17. Nc2 f5 18. f4 exd4 19. exd4 Re4
20. Re1 Rfe8 21. Rxe4 Rxe4 22. Qd2 Qb5 23. Na3 Qe2 24. Qxe2 Rxe2 25. Re1 Rxe1+
26. Bxe1 cxd4 27. cxd4 Bxd4+ 28. Bf2 Bxb2 29. Nc2 b5 30. Bb6 Bc3 31. Kf2 Bc6
32. g4 d4 33. Nxd4 Bxd4+ 34. Bxd4 Kf7 35. Ke3 Ke6 36. g5 Be4 37. Bc3 Kd5 38. a3
Kc4 39. Bb4 Kb3 40. Kd4 a5 41. Bxa5 Kxa3 42. Kc3 Ka2 43. Bb4 Kb1 44. Ba3 Ka2
45. Bb4 1/2-1/2

[Event "Floripa Chess Open 2024"]
[Site "Florianopolis"]
[Date "2024.01.22"]
[Round "4.175"]
[White "Telles, Arnoldo Beber"]
[Black "Barbosa, Rafael Santos"]
[Result "0-1"]
[WhiteElo "1116"]
[BlackElo "1524"]
[PlyCount "63"]
[EventDate "2024.01.20"]
[EventRounds "10"]
[EventCountry "BRA"]

1. Nf3 $2 d5 2. c4 d4 3. b4 c5 4. b5 Nd7 5. g3 e5 6. d3 Ngf6 7. Nbd2 ({RR} 7.
Bg2 Bd6 8. O-O O-O 9. a4 Re8 10. Nbd2 Rb8 11. Re1 Nf8 12. e3 Ng6 13. exd4 exd4
14. Rxe8+ Qxe8 15. Ng5 Bf5 16. Nde4 Nxe4 17. Nxe4 Bf8 18. a5 Qd7 19. Ba3 b6 20.
axb6 axb6 21. Bc1 Re8 {Pantsulaia,L (2561)-Gukesh,D (2720) Samarkand UZB 2023
1-0 (57)}) 7... Bd6 8. Bg2 O-O 9. O-O Re8 $146 ({RR} 9... h6 10. a4 Bc7 11. Ba3
Re8 12. Nh4 Ba5 13. Nb3 Bc3 14. Rc1 Qc7 15. e4 a6 16. Rxc3 dxc3 17. Bc1 axb5
18. axb5 Nf8 19. f4 Bg4 20. Bf3 Bh3 21. Rf2 Ne6 22. Bg2 Bxg2 23. Kxg2 exf4 24.
gxf4 {Kodarapu,I-Estrada Nieto,J (2280) chess.com INT 2021 0-1 (35)}) ({RR} 
9... h6 10. a4 Bc7 11. Ba3 Re8 12. Nh4 Ba5 13. Nb3 Bc3 14. Rc1 Qc7 15. e4 a6
16. Rxc3 dxc3 17. Bc1 axb5 18. axb5 Nf8 19. f4 Bg4 20. Bf3 Bh3 21. Rf2 Ne6 22.
Bg2 Bxg2 23. Kxg2 exf4 24. gxf4 {Kodarapu,I-Estrada Nieto,J (2280) chess.com
INT 2021 0-1 (35)}) 10. Ng5 Qc7 11. Nde4 Nxe4 12. Nxe4 f5 13. Ng5 Nf6 14. Bd2
h6 15. Nf3 e4 16. dxe4 fxe4 17. Ne1 Bg4 18. f3 e3 19. Bxe3 Rxe3 20. fxg4 Nxg4
21. Qc2 Re7 22. Bd5+ Kh8 23. Qg6 Nf6 24. Ng2 Nxd5 25. cxd5 Be5 26. Nf4 Bxf4 27.
Rxf4 Qe5 28. Rf7 Rxf7 29. Qxf7 d3 30. Rd1 Qxe2 31. Rf1 Re8 32. Qf2 0-1

[Event "Floripa Chess Open 2024"]
[Site "Florianopolis"]
[Date "2024.01.22"]
[Round "4.176"]
[White "De Souza, Joao Francisco Biz"]
[Black "Goncalves, Richard Gabriel Sim"]
[Result "1-0"]
[WhiteElo "1523"]
[BlackElo "1800"]
[PlyCount "66"]
[EventDate "2024.01.20"]
[EventRounds "10"]
[EventCountry "BRA"]

1. d4 d5 2. c4 e6 3. Nc3 Nf6 4. cxd5 exd5 5. Bg5 Be7 6. e3 c6 7. Bd3 Be6 8.
Nge2 h6 ({RR} 8... Bg4 9. f3 Bh5 10. Nf4 Bg6 11. O-O Bxd3 12. Qxd3 O-O 13. Bh4
Nbd7 14. g4 Ne8 15. Bg3 Nd6 16. Rad1 f5 17. Ne6 Qe8 18. Nxf8 Qxf8 19. Bxd6 Bxd6
20. Qxf5 Qe7 21. Qd3 Re8 22. Rde1 Qh4 23. Re2 {Abdul Ghani,H (2138)-Al Dosari,
N (1787) Riyadh KSA 2023 1-0 (49)}) 9. Bh4 Nbd7 10. Bg3 $146 ({RR} 10. a3 Nh5
11. Bxe7 Qxe7 12. b4 O-O 13. O-O Rfc8 14. Re1 Nhf6 15. Ng3 Re8 16. Rc1 Rac8 17.
f4 Bg4 18. Qb3 Nh5 19. Nf1 Nf8 20. h3 Bd7 21. Qd1 g6 22. f5 Bxf5 23. Bxf5 {
1-0 (23) Fuchs,O-Hans,M Leutersdorf 2000}) ({RR} 10. Qc2 c5 11. Nf4 O-O 12. O-O
Rc8 13. Rad1 a6 14. Bf5 Rc6 15. dxc5 Qa5 16. Nfxd5 Nxd5 17. Bxe7 Nxe7 18. Bxe6
Nxc5 19. Bg4 b5 20. Bf3 Rc7 21. Nd5 Nxd5 22. Bxd5 Na4 23. Qe2 Rfc8 24. Rd4 Rc1
{Van Wely,L (2655)-Kupreichik,V (2500) Germany 1998 1-0 (32)}) 10... O-O 11. h3
b5 12. Rc1 Nb6 13. O-O Bd6 14. b3 Bxg3 15. Nxg3 Qd7 16. Nce2 Nc8 17. Qc2 Ne7
18. Nf4 Rac8 19. Qc5 g6 20. Rfe1 Nf5 21. Nxf5 Bxf5 22. Qc2 Bxd3 23. Nxd3 a5 24.
Ne5 Qd6 25. Qc5 Qe6 26. Qb6 Nd7 27. Nxd7 Qxd7 28. Qxa5 Qc7 29. Qb4 Qb6 30. Rc5
Rc7 31. Rec1 Qa6 32. Rxb5 Qxa2 33. Rb8 Qb2 1-0

[Event "Floripa Chess Open 2024"]
[Site "Florianopolis"]
[Date "2024.01.22"]
[Round "4.177"]
[White "Da Costa, Carlos Henrique Luz"]
[Black "Salomoni, Lorenzo"]
[Result "1/2-1/2"]
[WhiteElo "1520"]
[BlackElo "1800"]
[PlyCount "64"]
[EventDate "2024.01.20"]
[EventRounds "10"]
[EventCountry "BRA"]

1. d4 Nf6 2. Nf3 g6 3. g3 Bg7 4. Bg2 O-O 5. b3 d6 6. Bb2 Re8 7. O-O Nbd7 8. c4
c6 9. Nc3 Qc7 10. Re1 ({RR} 10. d5 e5 11. dxe6 fxe6 12. Rc1 e5 13. Ng5 Nc5 14.
b4 Ne6 15. Nge4 Nxe4 16. Nxe4 Rd8 17. b5 c5 18. Nc3 Kh8 19. Nd5 Qf7 20. e3 Bd7
21. a4 Ng5 22. f4 exf4 23. Bxg7+ Qxg7 24. gxf4 Nh3+ {Mirzoev,A (2430)-Bodnaruk,
A (2457) chess.com INT 2021 1-0}) ({RR} 10. Rc1 e5 11. e3 Nf8 12. Ba3 N6d7 13.
Ne4 c5 14. dxc5 dxc5 15. Nd6 Re6 16. Nxc8 Rxc8 17. Ng5 Re7 18. Qf3 b6 19. Rcd1
Nf6 20. Rd2 h6 21. Ne4 Nxe4 22. Qxe4 Ne6 23. Rfd1 Ng5 24. Qd5 Rce8 {Hryzlova,S
(2215)-Maione,M (1931) Pula (Sardinia) ITA 2023 1-0 (44)}) 10... e5 11. dxe5
$146 ({RR} 11. e4 a6 12. Rc1 h6 13. Qd2 Nf8 14. h3 Bd7 15. Ba3 Rad8 16. b4 Qc8
17. Kh2 exd4 18. Nxd4 N6h7 19. f4 Ne6 20. Nf3 Qb8 21. Qf2 Bc8 22. Nd1 h5 23.
Bb2 Bxb2 24. Qxb2 Ng7 25. Nf2 Be6 {Szollosi,L (2261)-Cierny,L (2069)
Salgatarjan 2003 1-0 (46)}) ({RR} 11. e4 a6 12. Qc2 b5 13. cxb5 cxb5 14. Rac1
Bb7 15. dxe5 dxe5 16. Qd2 Qb6 17. Nd5 Nxd5 18. exd5 e4 19. Bxg7 Kxg7 20. Ng5
Re5 21. Bxe4 Rae8 22. Qc3 Nf6 23. Bg2 Qd6 24. f4 Rxe1+ 25. Rxe1 Rxe1+ {Bondick,
K (1934)-Schreiber,K (2048) Binz 2013 1/2-1/2}) 11... Nxe5 12. Nxe5 dxe5 13.
Qc2 Bf5 14. Ne4 Nxe4 15. Bxe4 Bxe4 16. Qxe4 f5 17. Qc2 Rad8 18. Rad1 Qa5 19.
Rxd8 Rxd8 20. Rd1 Kf7 21. Rxd8 Qxd8 22. c5 Qd5 23. e3 h5 24. f4 e4 25. Bxg7
Kxg7 26. Kf2 Kf6 27. Ke2 Ke6 28. b4 b5 29. a3 a6 30. Qd2 Qc4+ 31. Kd1 Qb3+ 32.
Ke2 Qc4+ 1/2-1/2

[Event "Floripa Chess Open 2024"]
[Site "Florianopolis"]
[Date "2024.01.22"]
[Round "4.178"]
[White "Da Silva, Leonardo Douglas Si"]
[Black "Da Silva, Kauan Salvagni Tele"]
[Result "1-0"]
[WhiteElo "1800"]
[BlackElo "1517"]
[PlyCount "83"]
[EventDate "2024.01.20"]
[EventRounds "10"]
[EventCountry "BRA"]

1. d4 d5 2. Nf3 e6 3. e3 Nf6 4. Bd3 Bd6 5. O-O O-O 6. b3 b6 7. Bb2 Bb7 8. Nbd2
Nbd7 9. Ne5 c5 10. f4 Rc8 ({RR} 10... cxd4 11. exd4 Ne4 12. Qe2 f5 13. Ndf3 Qe7
14. a4 a5 15. Bb5 Nxe5 16. Nxe5 Rfc8 17. c4 Rc7 18. Rac1 Rac8 19. Rc2 Bxe5 20.
fxe5 dxc4 21. bxc4 Bc6 22. Rfc1 Bxb5 23. axb5 Qb4 24. Qd3 a4 25. c5 {Sandipan,
C (2590)-Vitiugov,N (2694) Caleta 2013 0-1 (31)}) 11. Qe2 ({RR} 11. Qf3 Qe7 12.
Qh3 Ne4 13. Bxe4 dxe4 14. Nxd7 Qxd7 15. Nc4 Be7 16. Rad1 Qc7 17. dxc5 Bxc5 18.
f5 exf5 19. Rxf5 Rcd8 20. Rxd8 Qxd8 21. Qg3 f6 22. Bxf6 Rxf6 23. Rxf6 Qxf6 24.
Qb8+ Bf8 25. Qxb7 Qa1+ {Stefanova,A (2442)-Khamdamova,A (2327) Samarkand UZB
2023 1-0 (57)}) 11... Ne4 12. Nxe4 $146 ({RR} 12. c4 f5 13. Nxd7 Qxd7 14. Rac1
Qe7 15. Nf3 cxd4 16. Nxd4 Rfd8 17. Bxe4 fxe4 18. Qg4 Qf7 19. cxd5 Rxc1 20. Rxc1
Bxd5 21. Nc6 Bc5 22. Nd4 g6 {1/2-1/2 (22) Porubszki,G (1927)-Nadenau,O (1962)
Triesen 2001}) 12... dxe4 13. Bb5 Nb8 14. a4 a6 15. Bc4 Qc7 16. Rac1 Rcd8 17.
Qg4 Bd5 18. dxc5 Bxc5 19. Qg3 f5 20. Be2 Qa7 21. Kh1 Qe7 22. Rcd1 Ba3 23. Ba1
Bb7 24. Nc4 Bc5 25. Qh3 b5 26. axb5 axb5 27. Ne5 Ba6 28. g4 Qa7 29. gxf5 exf5
30. Rxd8 Rxd8 31. Qxf5 Qe7 32. Ng4 Bc8 33. Nh6+ Kh8 34. Qf7 Qxf7 35. Nxf7+ Kg8
36. Nxd8 Bb6 37. Rd1 Kf8 38. Bxb5 Bg4 39. Re1 Bxd8 40. Be5 Bh4 41. Ra1 Bf2 42.
Kg2 1-0

[Event "Floripa Chess Open 2024"]
[Site "Florianopolis"]
[Date "2024.01.22"]
[Round "4.179"]
[White "Gomes, Joao Paulo Santos"]
[Black "Viana, Amanda Thamy Koto"]
[Result "1-0"]
[WhiteElo "1514"]
[BlackElo "1800"]
[PlyCount "51"]
[EventDate "2024.01.20"]
[EventRounds "10"]
[EventCountry "BRA"]

1. c4 Nf6 2. g3 e6 3. Bg2 d5 4. Nf3 Be7 5. O-O O-O 6. b3 c6 7. Bb2 Nbd7 8. d3
a5 9. Nbd2 ({RR} 9. Nc3 Nc5 10. Rb1 Re8 11. Qc2 Bf8 12. Ne5 Ncd7 13. Nxd7 Bxd7
14. d4 Qc7 15. Rbc1 dxc4 16. bxc4 e5 17. d5 cxd5 18. Nxd5 Nxd5 19. Bxd5 Ra6 20.
c5 Be6 21. e4 Rc8 22. Ba3 Bd7 23. Qb3 Bc6 {Kurajica,B (2555)-Paehtz,E (2449)
Solin 2006 1-0 (116)}) 9... Nc5 10. Rc1 $146 ({RR} 10. Qc2 a4 11. e4 dxe4 12.
dxe4 Qd3 13. Qxd3 Nxd3 14. Bc3 Rd8 15. e5 Nd7 16. Rad1 f6 17. exf6 Bxf6 18.
Bxf6 Nxf6 19. Bh3 e5 20. Bxc8 Raxc8 21. Rb1 axb3 22. axb3 Ra8 23. Ra1 Kf8 24.
Ng5 Ke7 {Bauer,D (1739)-Andersen,L (1977) Arco ITA 2023 1/2-1/2 (41)}) ({RR} 
10. Rb1 b5 11. Ne5 Bb7 12. d4 Ncd7 13. Nxd7 Nxd7 14. e4 bxc4 15. bxc4 Ba6 16.
Re1 dxc4 17. Qc2 Bb4 18. Red1 c5 19. d5 exd5 20. exd5 c3 21. Bxc3 Bxc3 22. Qxc3
Re8 23. Ne4 c4 24. Nd6 Rf8 {Kopasz,R (2348)-Horvath,T (2307) Hungary 2003 1-0 
(36)}) 10... Bd7 11. Bxf6 Bxf6 12. cxd5 Qe7 13. dxc6 Bxc6 14. Nc4 Bxf3 15. Bxf3
Rad8 16. Qc2 Qc7 17. Ne3 b6 18. a3 Rc8 19. b4 axb4 20. axb4 Na6 21. Qxc7 Nxc7
22. Bb7 Rb8 23. Rxc7 Be5 24. Rd7 b5 25. Rc1 Bb2 26. Rc5 1-0

[Event "Floripa Chess Open 2024"]
[Site "Florianopolis"]
[Date "2024.01.22"]
[Round "4.180"]
[White "De Oliveira, Ricardo W Lima"]
[Black "Grams, Leon Honke"]
[Result "0-1"]
[WhiteElo "1800"]
[BlackElo "1513"]
[PlyCount "44"]
[EventDate "2024.01.20"]
[EventRounds "10"]
[EventCountry "BRA"]

1. Nf3 c5 2. g3 g6 3. Bg2 Bg7 4. c4 Nc6 5. Nc3 e6 6. Nb5 $146 ({RR} 6. e4 a6 7.
d3 Nge7 8. Be3 Nd4 9. Qd2 d6 10. O-O O-O 11. Bh6 Nec6 12. Bxg7 Kxg7 13. Nxd4
cxd4 14. Ne2 e5 15. f4 b5 16. b3 Rb8 17. Rac1 Bd7 18. c5 Qe7 19. cxd6 Qxd6 20.
fxe5 Nxe5 {Yabra,F-Hernandez Onna,R Havana 1970 0-1 (44)}) ({RR} 6. h4 h6 7. a3
d5 8. b4 dxc4 9. O-O Nge7 10. bxc5 Qa5 11. Bb2 O-O 12. Qc2 e5 13. Ne4 Be6 14.
Rfc1 f5 15. Nd6 Qxc5 16. Nxc4 Qxc4 17. Qxc4 Bxc4 18. Rxc4 e4 19. Bxg7 Kxg7 20.
Ne1 Nc8 {Milov,V (2653)-Sermek,D (2517) Pula 2000 1/2-1/2 (70)}) ({RR} 6. Ne4
d6 7. O-O Nge7 8. d3 b6 9. Rb1 Rb8 10. Bf4 e5 11. Bg5 O-O 12. Nf6+ Kh8 13. Nd5
f6 14. Nxe7 Nxe7 15. Bd2 d5 16. cxd5 Nxd5 17. Qa4 Be6 18. a3 Rf7 19. b4 b5 20.
Qd1 cxb4 {Jeffries,M (2001)-Hewitt,S (1955) Hinckley Island 2009 0-1 (40)}) ({
RR} 6. Ne4 d6 7. O-O f5 8. Nc3 Nge7 9. d3 a6 10. Bf4 e5 11. Bd2 O-O 12. Rb1 Be6
13. a3 d5 14. cxd5 Nxd5 15. Nxd5 Bxd5 16. Qc2 e4 17. Ne1 Nd4 18. Qxc5 b6 19.
Qb4 a5 {0-1 (19) Martinez Vaca,F-Hutchings,S Skopje 1972}) 6... d5 7. Qc2 d4 8.
d3 Nge7 9. O-O O-O 10. e4 dxe3 11. Bxe3 a6 12. Nc3 Nb4 13. Qe2 b6 14. Rfd1 Bb7
15. d4 cxd4 16. Bxd4 Qc7 17. Bxg7 Kxg7 18. a3 Nbc6 19. Ng5 Rfd8 20. b3 Nf5 21.
Qb2 e5 22. Rd5 f6 0-1

[Event "Floripa Chess Open 2024"]
[Site "Florianopolis"]
[Date "2024.01.22"]
[Round "4.181"]
[White "Nobre, Jailson Altair Barb"]
[Black "Gorgen, Raphael Rebello Hor"]
[Result "0-1"]
[WhiteElo "1512"]
[BlackElo "1779"]
[PlyCount "63"]
[EventDate "2024.01.20"]
[EventRounds "10"]
[EventCountry "BRA"]

1. Nf3 d5 2. c4 e6 3. g3 Nf6 4. Bg2 dxc4 5. Qa4+ Bd7 6. Qxc4 c5 7. b3 ({RR} 7.
Ne5 Qc8 8. O-O Nc6 9. Nxd7 Qxd7 10. Nc3 Be7 11. Qa4 Rc8 12. d3 O-O 13. Be3 Rfd8
14. Rac1 b6 15. Rfd1 h6 16. h3 Ne8 17. Nb5 Bf6 18. b3 Nd6 19. Nxd6 Qxd6 20.
Bxc6 Qxc6 21. Qg4 Kf8 {Nakamura,H (2814)-Eljanov,P (2717) Baku 2015 1/2-1/2  
(43)}) ({RR} 7. Ne5 Qc8 8. O-O Bc6 9. Nxc6 Nxc6 10. d3 Be7 11. Qa4 O-O 12. Bxc6
bxc6 13. Nc3 Nd5 14. Bd2 h6 15. Rab1 h5 16. Rfc1 h4 17. Ne4 e5 18. Nxc5 Rb8 19.
Qe4 Qh3 20. Qg2 Qg4 21. Qe4 Qh3 {Mickiewicz,P (2239)-Ibadov,D (2360) chess.com
INT 2024 1-0 (41)}) 7... Nc6 8. Bb2 Be7 9. a3 $146 ({RR} 9. O-O O-O 10. Nc3 Rc8
11. Rac1 a6 12. Qf4 b5 13. d3 Qc7 14. Qe3 Qb8 15. Ne4 Nd5 16. Qd2 Qb6 17. Ba1
Rfd8 18. Qb2 f6 19. Rfd1 Bf8 20. Qd2 Nd4 21. Nc3 Ne7 22. e3 Nxf3+ 23. Bxf3 Be8
{Sahidi,S (2476)-Beukes,D (2239) Mexico City MEX 2023 1-0 (59)}) ({RR} 9. O-O
Rc8 10. d3 O-O 11. Nbd2 b6 12. Rac1 Na5 13. Qc3 Bc6 14. Rfd1 Nb7 15. Nc4 Nd6
16. Qc2 Nxc4 17. dxc4 Qc7 18. Ng5 Bxg2 19. Bxf6 g6 20. Nxe6 fxe6 21. Bxe7 Qxe7
22. Kxg2 Qf6 23. f3 Rcd8 {Weyrich,M (2297)-Berglitz,R (1949) Dresden GER 2022
1-0}) 9... Rc8 10. O-O O-O 11. Nc3 a6 12. Ne4 Nxe4 13. Qxe4 Bf6 14. Bxf6 Qxf6
15. Rab1 Rc7 16. Rfc1 Ne7 17. Ne5 Rfc8 18. d3 Nf5 19. Nxd7 Rxd7 20. b4 Nd6 21.
Qe3 c4 22. dxc4 Nxc4 23. Qf4 Qxf4 24. gxf4 b5 25. a4 Rb8 26. axb5 axb5 27. Bc6
Rd2 28. e3 Rf8 29. Ra1 Rb2 30. Bxb5 Nd6 31. Bc6 Rxb4 32. Rd1 0-1

[Event "Floripa Chess Open 2024"]
[Site "Florianopolis"]
[Date "2024.01.22"]
[Round "4.184"]
[White "Dos Santos, Rafaela Alves"]
[Black "Nicacio, Daniel Ramos"]
[Result "1/2-1/2"]
[WhiteElo "1800"]
[BlackElo "1479"]
[PlyCount "91"]
[EventDate "2024.01.20"]
[EventRounds "10"]
[EventCountry "BRA"]

1. e4 e5 2. Nf3 Nc6 3. Bc4 Nf6 4. d3 Bc5 5. c3 a6 6. Bb3 d6 7. h3 h6 8. O-O ({
RR} 8. Nbd2 Be6 9. Nf1 d5 10. Qe2 O-O 11. Ng3 Re8 12. O-O Bf8 13. Rd1 Qe7 14.
Bc2 {1/2-1/2 (14) Kramnik,V (2715)-Kasparov,G (2805) Riga 1995}) 8... O-O ({RR
} 8... Ba7 9. Re1 g5 10. g4 Qe7 11. Be3 Bxe3 12. Rxe3 Na5 13. d4 Nxb3 14. Qxb3
h5 15. Nxg5 hxg4 16. hxg4 Nxg4 17. Rh3 Rg8 18. Nd2 Qxg5 19. Nf3 Qf4 20. Rg3 Nf6
21. Rxg8+ Nxg8 22. c4 Bh3 23. Nh2 {Chong,K (1741)-Ortiz Verdezoto,A (2046)
Chennai IND 2022 0-1 (31)}) 9. Re1 Be6 10. Bxe6 $146 ({RR} 10. Bc2 Ba7 11. d4
exd4 12. cxd4 d5 13. e5 Ne4 14. Nc3 f5 15. exf6 Qxf6 16. Nxe4 dxe4 17. Rxe4 Bd5
18. Bb3 Qf7 19. Be3 Bxb3 20. Qxb3 Qxb3 21. axb3 Rae8 22. Rxe8 Rxe8 23. d5 Bxe3
24. dxc6 Ba7 {Seletsky,G (2345)-Borrelli,S (1945) Napoli 2009 1-0 (68)}) ({RR} 
10. Bc2 Bb6 11. d4 exd4 12. cxd4 Nb4 13. Bb3 Bxb3 14. Qxb3 Nc6 15. e5 dxe5 16.
dxe5 Nd5 17. Rd1 Nce7 18. Nc3 c6 {1/2-1/2 (18) Ianocichin,V (2220)-Romcovici,V
(2288) Tiraspol 2007}) 10... fxe6 11. Nbd2 Qe7 12. Nf1 Rf7 13. d4 exd4 14. cxd4
Bb6 15. Ng3 Raf8 16. d5 Ne5 17. Nxe5 dxe5 18. dxe6 Qxe6 19. Be3 Bxe3 20. Rxe3
Qb6 21. Re2 Ng4 22. hxg4 Rxf2 23. Rxf2 Rxf2 24. Kh2 Qxb2 25. Qb3+ Kf8 26. Qxb2
Rxb2 27. Nf5 c5 28. a4 Rb4 29. Ng3 b5 30. axb5 axb5 31. Ra6 c4 32. Re6 c3 33.
Rxe5 Rb1 34. Rc5 b4 35. Rc4 Rb2 36. Nf1 c2 37. Nd2 c1=Q 38. Rxc1 Rxd2 39. Rc4
b3 40. Rb4 b2 41. e5 Ke7 42. Rb5 Ke6 43. Kg3 Rd3+ 44. Kh2 Rd4 45. Kh3 Rd3+ 46.
Kh2 1/2-1/2

[Event "Floripa Chess Open 2024"]
[Site "Florianopolis"]
[Date "2024.01.22"]
[Round "4.185"]
[White "Orsini, Sarah De Oliveira"]
[Black "Carvalho, Eduardo Meireles"]
[Result "0-1"]
[WhiteElo "1685"]
[BlackElo "1476"]
[PlyCount "72"]
[EventDate "2024.01.20"]
[EventRounds "10"]
[EventCountry "BRA"]

1. d4 c6 2. e4 d5 3. Nc3 dxe4 4. Nxe4 Bf5 5. Bd3 Bxe4 6. Bxe4 Nf6 7. Qd3 ({RR} 
7. Bf3 e6 8. Ne2 Bd6 9. O-O Qc7 10. g3 Nbd7 11. c4 c5 12. b4 cxb4 13. c5 Be7
14. Bf4 Qc8 15. a3 Nd5 16. Bxd5 exd5 17. axb4 O-O 18. Nc3 Nf6 19. Re1 Re8 20.
Qf3 Qd7 21. Re5 a6 {Weinzettl,E (2420)-Zontakh,A (2530) Koszeg 1999 0-1 (40)})
({RR} 7. f3 e5 8. c3 Bd6 9. Qb3 Qb6 10. Ne2 O-O 11. O-O Nbd7 12. f4 Nxe4 13.
fxe5 Bxe5 14. Kh1 Bd6 15. Qc2 Nef6 16. Rxf6 Nxf6 17. Qf5 Qb5 18. Qf3 Rfe8 19.
Be3 Nd5 20. Rf1 f6 {0-1 (20) Liu,A-Liu,A London ENG 2023}) 7... e6 8. Bf4 Nbd7
9. Nf3 $146 ({RR} 9. O-O-O Be7 10. Nf3 Qb6 11. Ne5 Nxe5 12. Bxe5 O-O-O 13. Rhe1
Ng4 14. Qg3 f5 15. Bc7 Qxc7 16. Qxc7+ Kxc7 17. Bf3 Nxf2 18. Rd2 Bg5 {0-1 (18)
Radu,D (1127)-Magold,F (1383) Calimanesti Caciulata 2016}) 9... Be7 10. O-O O-O
11. Bg5 Nxe4 12. Bxe7 Qxe7 13. Qxe4 Qb4 14. Ng5 Nf6 15. Qh4 h6 16. Ne4 Qxd4 17.
Nxf6+ Qxf6 18. Qxf6 gxf6 19. Rfd1 Rad8 20. Re1 Rd2 21. Re3 Rfd8 22. Ree1 Rxc2
23. h3 Rdd2 24. Rf1 c5 25. Rae1 Rxb2 26. Re3 c4 27. Rg3+ Kh7 28. Rc1 b5 29. a4
a6 30. axb5 axb5 31. Ra1 Rd3 32. Rg4 f5 33. Rf4 c3 34. Rf3 c2 35. Rxd3 Rb1+ 36.
Rxb1 cxb1=Q+ 0-1